STN EN 15011: 2011 (27 0016) [neplatná], Žeriavy. Mostové a portálové žeriavy

Táto norma je slovenskou verziou európskej normy Preklad zabezpečil Slovenský ústav technickej normalizácie. Má rovnaké postavenie ako majú oficiálne verzie

Bibliographic Details
Main Author: Rusňák, Peter (Author)
Corporate Author: PR CONSULTING (Brezno, Slovensko) (Author)
Format: Book
Language:Slovak
English
PhysicalDescription:82 s. obr., tab. 30 cm
Published: Bratislava Slovenský ústav technickej normalizácie 2011
Subjects:

MARC

LEADER 00000cam a2200000 a 4500
001 vtls010323234
003 SK-MaSNL
005 20260301032210.0
008 130117s2011 xo a f u 000 0 slo
015 |a SNBN2013 
020 |c (cen. skup. 17) 
040 |a SNK  |b slo  |c SNK  |e AACR2 
041 1 |a slo  |h eng 
044 |a xo  |c SK 
046 |a m  |m 201111 (účin.)  |n 201409 (zruš.) 
072 7 |a 629  |x Dopravné prostriedky  |2 konspekt 
080 |a 629.3.065.23  |2 2001 
080 |a 006.7/.8  |2 2001 
080 |a (437.6) 2 2001  |2 1981 
080 |a (4)  |2 2001 
084 |a 53.020.20  |2 ICS 
130 0 |a STN 27 0016 (STN EN 15011) [neplatná]  |9 329090 
245 1 0 |a STN EN 15011: 2011 (27 0016) [neplatná], Žeriavy. Mostové a portálové žeriavy 
246 1 0 |a Žeriavy 
246 1 0 |a Mostové a portálové žeriavy 
246 3 0 |a EN 15011: 2011 E 
260 |a Bratislava  |b Slovenský ústav technickej normalizácie  |c 2011 
300 |a 82 s.  |b obr., tab.  |c 30 cm 
500 |a Súbežný názov v angličtine, francúzštine, nemčine 
500 |a Spracovateľ: PR CONSULTING Brezno, Peter Rusňák 
500 |a Norma je nahradená normou STN EN 15011+A1 zo septembra 2014 v celom rozsahu 
504 |a Citované normy, súvisiace právne predpisy s 2 ; literatúra s. 81 
520 8 |a Táto norma je slovenskou verziou európskej normy Preklad zabezpečil Slovenský ústav technickej normalizácie. Má rovnaké postavenie ako majú oficiálne verzie 
540 |a STN vydané na akomkoľvek nosiči sa môžu rozmnožovať a rozširovať iba so súhlasom určenej právnickej osoby  |b SÚTN Bratislava  |c zákon 264/1999 Z. z. 
650 0 7 |a žeriavy (stroje)  |2 SNKPH  |9 111489 
650 0 7 |a technické normy a štandardy  |z Slovensko  |2 SNKPH  |9 79594 
650 0 7 |a technické normy a štandardy  |z krajiny Európskej únie  |2 SNKPH  |9 289341 
650 0 7 |a Cranes  |2 SNKPHeng  |9 293847 
655 7 |a normy  |2 SNKPH  |9 70643 
700 1 |a Rusňák, Peter  |4 aut  |9 5405 
710 2 |a PR CONSULTING (Brezno, Slovensko)  |4 aut  |9 321393 
710 2 |a Slovenský ústav technickej normalizácie  |4 stn  |9 32706 
774 1 8 |t STN EN 15011+A1: 2014  |d Bratislava : Úrad pre normalizáciu, metrológiu a skúšobníctvo SR, 2014  |w vtls010617764 
852 |a Štátna vedecká knižnica v Banskej Bystrici 
958 |a NB 
958 |a OP 
999 |c 577994  |d 579924 
952 |a SNK  |b SNK  |y PREZ  |7 0  |p 17A0773531  |o snkSTN EN 15011  |i snk2011/23206  |8 0  |0 0  |1 0  |4 0  |d 2011-11-23  |l 0  |r 2026-02-23 14:39:46  |w 2026-02-23 
952 |a SNK  |b SNK  |y PREZ  |7 0  |p 17A0773530  |o snkSTN EN 15011 D1  |i snk2011/23207  |8 0  |0 0  |1 0  |4 0  |d 2011-11-23  |l 0  |r 2026-02-23 14:39:46  |w 2026-02-23